000 00625nam a2200241Ia 4500
003 OSt
005 20220912151206.0
006 a|||||r|||| 00| 0
007 ta
008 220909b |||||||| |||| 00| 0 eng d
024 _a21689
037 _cTextual
040 _aCSL
_beng
_cCSL
041 _aeng
082 _aB2, 113K8
100 _aDeuring Max
245 0 _aAlgebren
260 _aBerlin
_bSpringer-Verlag
_c1968
300 _aviii, 143p.
_ccm.
490 _aErgebnisse der mathematik und ihrer grenzgebiete; 41
942 _hB2, 113K8
_cTEXL
_2CC
999 _c63240
_d63240